Hospodáření podle rozpočtu a úspornost v sovětském hospodářství

Guardado en:
Detalles Bibliográficos
Formato: Libro
Lenguaje:checo
Publicado: Praha Svoboda 1950
Etiquetas: Agregar Etiqueta
Sin Etiquetas, Sea el primero en etiquetar este registro!

MARC

LEADER 00000nam a2200000 4500
001 0308596
005 20250515123417.2
041 0 |a cze 
044 |a CZ 
245 1 0 |a Hospodáření podle rozpočtu a úspornost v sovětském hospodářství  |c Nikolaj Michajlovič Kornilov 
264 1 |a Praha  |b Svoboda  |c 1950